LIBRARY & INFORMATION CENTRE, KCAET, TAVANUR

ONLINE PUBLIC ACCESS CATALOGUE (OPAC)

Optimization For Engineering Design : Algorithms and Examples (Record no. 14322)

MARC details
000 -LEADER
fixed length control field 00351nam a22001337a 4500
020 ## - INTERNATIONAL STANDARD BOOK NUMBER
ISBN 9788120346789
082 ## - DEWEY DECIMAL CLASSIFICATION NUMBER
Classification number 620.00724
Item number DEB/OP
100 ## - MAIN ENTRY--AUTHOR NAME
Personal name Deb Kalyanmoy
245 ## - TITLE STATEMENT
Title Optimization For Engineering Design : Algorithms and Examples
250 ## - EDITION STATEMENT
Edition statement 2
260 ## - PUBLICATION, DISTRIBUTION, ETC. (IMPRINT)
Place of publication New Delhi
Name of publisher PHI Learning Private Limited
Year of publication 2012
300 ## - PHYSICAL DESCRIPTION
Number of Pages 421
942 ## - ADDED ENTRY ELEMENTS (KOHA)
Koha item type Books
Holdings
Withdrawn status Lost status Damaged status Collection code Home library Current library Shelving location Date acquired Source of acquisition Cost, normal purchase price Full call number Accession Number Koha item type
        KAUAET KAUAET General Stacks 16/06/2016 Dream Tech, Trivandrum 350.00 620.00724 DEB/OP 24792 Books
        KAUAET KAUAET General Stacks 15/07/2016 Professional Book Centre, Kochin. 325.00 620.00724 DEB/OP 24246 Books
free website counter